| 000 | 01247cam a2200325 i 4500 | ||
|---|---|---|---|
| 001 | 768714001 | ||
| 003 | CO-MdFUSB | ||
| 005 | 20230515165409.0 | ||
| 007 | ta | ||
| 008 | 780426t19781978-us b 000 0 eng | ||
| 020 | _a0800613376 | ||
| 040 |
_aDLC _beng _cCO-MdFUSB _dm.c _erda |
||
| 041 | _aeng | ||
| 082 |
_223 _a221.15 _bB889 |
||
| 100 | 1 |
_aBrueggemann, Walter. _eautor |
|
| 245 | 1 | 4 |
_aThe prophetic imagination _c/ Walter Brueggemann |
| 264 | 1 |
_aPhiladelphia : _bFortress Press, _c[1978] |
|
| 264 | 4 | _c©1978. | |
| 300 |
_a127 páginas ; _c22 cm. |
||
| 336 |
_atexto _btxt _2rdacontent. |
||
| 337 |
_asin mediación _bn _2rdamedia. |
||
| 338 |
_avolumen _bnc _2rdacarrier. |
||
| 505 | _aLa Comunidad Alternativa de Moisés. -- La conciencia real: contrarrestar la contracultura. -- La crítica profética y el abrazo del patetismo. -- Energización profética y el surgimiento del asombro. -- Crítica y patetismo en Jesús de Nazaret. -- Dinamización y asombro en Jesús de Nazaret. -- Una nota sobre la práctica del ministerio | ||
| 563 | _aRústico | ||
| 630 | 0 | 7 |
_aBiblia. _pProfetas _xCrítica, interpretación, etc. |
| 650 | 7 |
_aTeología pastoral _9227 |
|
| 942 | _cBK | ||
| 945 | _aJTF-925 | ||
| 999 |
_c68669 _d68669 |
||